Sports Quiz

Random Sports or NHL Quiz

Big 4 Most Championship Appearances Quiz Stats

 Plays Quiz Updated Jul 28, 2019

Score 0/40 Timer 05:00
0 Plays Today
League Team % Correct
NBALos Angeles Lakers ('68-'70, '72-'73, '80, '82-'85, '87-'89, '91, '00-'02, '04, '08-'10)
98.2%
MLBNew York Yankees ('76-'78, '81, '96, '98-'01, '03, '09)
96.1%
NBABoston Celtics ('68-'69, '74, '76, '81, '84-'87, '08, '10)
96.1%
MLBCincinnati Reds ('70, '72, '75-'76, '90)
89.8%
NFLPittsburgh Steelers (IX-X, XIII-XIV, XXX, XL, XLIII, XLV)
87.5%
NFLNew England Patriots (XX, XXXI, XXXVI, XXXVIII-XXXIX, XLII, XLVI, XLIX, LI-LIII)
87.1%
NFLDallas Cowboys (V-VI, X, XII-XIII, XXVII-XXVIII, XXX)
87.1%
NFLNew York Giants (XXI, XXV, XXXV, XLII, XLVI)
86.8%
MLBSan Francisco Giants ('89, '02, '10, '12, '14)
86.8%
MLBBoston Red Sox ('67, '75, '86, '04, '07, '13, '18)
83.2%
NHLDetroit Red Wings ('95, '97-'98, '02, '08-'09)
81.8%
NHLMontreal Canadiens ('67-'69, '71, '73, '76-'79, '86, '89, '93)
81.5%
NBAChicago Bulls ('91-'93, '96-'98)
81.2%
NFLSan Francisco 49ers (XVI, XIX, XXIII-XXIV, XXIX, XLVII)
78.3%
MLBSt. Louis Cardinals ('67-'68, '82, '85, '87, '04, '06, '11, '13)
77.4%
NBASan Antonio Spurs ('99, '03, '05, '07, '13, '14)
74.7%
NBAMiami Heat ('06, '11-'14)
74.3%
NHLChicago Blackhawks ('71, '73, '92, '10, '13, '15)
72.9%
NHLPittsburgh Penguins ('91-'92, '08-'09, '16, '17)
72.7%
NBAGolden State Warriors ('67, '75, '15-'19)
72.1%
League Team % Correct
NHLBoston Bruins ('70, '72, '74, '77-'78, '88, '90, '11, '13, '19)
68.9%
MLBLos Angeles Dodgers ('74, '77-'78, '81, '88, '17, '18)
65.2%
NBACleveland Cavaliers ('07, '15-'18)
64.3%
NHLEdmonton Oilers ('83-'85, '87-'88, '90, '06)
63.5%
NFLDenver Broncos (XII, XXI-XXII, XXIV, XXXII-XXXIII, XLVIII, 50)
63.2%
MLBOakland Athletics ('72-'74, '88-'90)
60.4%
NFLOakland Raiders/Los Angeles Raiders (II, XI, XV, XVIII, XXXVII)
58.7%
NFLGreen Bay Packers (I-II, XXXI-XXXII, XLV)
58.3%
MLBNew York Mets ('69, '73, '86, '00, '15)
57.8%
NBADetroit Pistons ('88-'90, '04-'05)
57.7%
MLBAtlanta Braves ('91-'92, '95-'96, '99)
57.3%
NFLWashington Redskins (VII, XVII-XVIII, XXII, XXVI)
54.4%
NFLMiami Dolphins (VI-VIII, XVII, XIX)
54.4%
NHLNew York Islanders ('80-'84)
53.6%
NHLPhiladelphia Flyers ('74-'76, '80, '85, '87, '97, '10)
53.4%
MLBPhiladelphia Phillies ('80, '83, '93, '08-'09)
52.1%
NBANew York Knicks ('70, '72-'73, '94, '99)
50.4%
NBAPhiladelphia 76ers ('67, '77, '80, '82-'83, '01)
49%
NHLNew Jersey Devils ('95, '00, '01, '03, '12)
40.5%
MLBBaltimore Orioles ('69-'71, '79, '83)
38.7%

You're not logged in!

Compare scores with friends on all Sporcle quizzes.
OR
Log In

Sporcle TV

Today on Sporcle TV


Watch our educational content, quiz creation guides, and fun videos on Sporcle TV.

Show Comments

Extras

Top Quizzes Today


Score Distribution

Your Account Isn't Verified!

In order to create a playlist on Sporcle, you need to verify the email address you used during registration. Go to your Sporcle Settings to finish the process.

Report this User

Report this user for behavior that violates our Community Guidelines.

Details: